Handbook on Experimental Mechanics
Guardado en:
| Formato: | Libro |
|---|---|
| Lenguaje: | inglés |
| Publicado: |
New York :
VCH,
1993
|
| Materias: | |
| Etiquetas: |
Sin Etiquetas, Sea el primero en etiquetar este registro!
|
MARC
| LEADER | 00000nam a22000003a 4500 | ||
|---|---|---|---|
| 001 | stu44501 | ||
| 005 | 20141122041358.4 | ||
| 008 | 950410s1993----xxu-----------------eng-d | ||
| 020 | |a 1-56081-640-6 | ||
| 040 | |a STU |b slo | ||
| 041 | 0 | |a eng | |
| 044 | |a xxu | ||
| 080 | |a 531/534 |7 stu_us_auth*stu7969 | ||
| 245 | |a Handbook on Experimental Mechanics | ||
| 260 | |a New York : |b VCH, |c 1993 | ||
| 300 | |a 1074 s | ||
| 650 | 7 | |a mechanika |2 stusub | |
| 996 | |b M 28750 |c M*9066-1 |l MMKN |s A |a 24 |w stu44501_0001 | ||